LEADER 00988nam a2200217 i 4500 001 000000135215 003 CaOOAMICUS 005 20160415000000.0 008 160415s1963 it u000 u ita u 013 $a108510 040 $aSeMil$bita 100 1 $aPopolizio, Bonaventura Francesco.$0(OLS)http://semarc/name/55222 245 12$aI fioretti di san Giuseppe da Copertino /$cP. Bonaventura Francesco Popolizio dei Frati Minori Conventuali. 260 $aBari :$bLaterza & Figli,$cstampa 1963. 300 $a190 p., [16] p. di tav. ;$c22 cm. 600 04$aGiuseppe : da Copertino .$0(OLS)http://semarc/subject/16682 850 $aSeMil 852 $aSeMil$W1$xVenegono$y1$m3H III 453$j88899$B88899$CSeMilBibl$Z2$F211994 $81 961 $aLascito: Citterio Mons. Bernardo <1908-2002> 996 $6245$aI fioretti di san Giuseppe da Copertino$9(OLS)http://semarc/title/197804 996 $6260$aBari :$bLaterza & Figli$9(OLS)http://semarc/publisher/29663 LEADER 01459nam a2200265 i 4500 001 000000067131 003 CaOOAMICUS 005 20140219000000.0 008 140219s1964 it u000 u ita u 013 $a38303 040 $aSeMil$bita 100 1 $aVeit, Laeto Maria.$0(OLS)http://semarc/name/33632 245 10$aPensiero e vita religiosa di Enea Silvio Piccolomini prima della sua consacrazione episcopale /$cLaeto Maria Veit. 260 $aRoma :$bLibreria Editrice dell'Università Gregoriana,$c1964. 300 $aXX, 213 p. ;$c24 cm. 490 0 $aAnalecta Gregoriana ;$vVol.139. Series Facultatis Historiae Eccl. Sectio B, n.23 490 0 $aAnalecta Gregoriana. Series Facultatis Historiae Ecclesiasticae. Sectio B ;$v23 500 $aContiene : Bibliografia. 600 04$aPio II .$0(OLS)http://semarc/subject/13104 830 0$aAnalecta Gregoriana ;$vVol.139. Series Facultatis Historiae Eccl. Sectio B, n.23.$0(OLS)http://semarc/title/9 830 0$aAnalecta Gregoriana. Series Facultatis Historiae Ecclesiasticae. Sectio B ;$v23.$0(OLS)http://semarc/title/19232 850 $aSeMil 852 $aSeMil$W1$xVenegono$y1$m2N V 239$j33284$B33284$CSeMilBibl$Z2$F33287 $81 996 $6245$aPensiero e vita religiosa di Enea Silvio Piccolomini prima della sua consacrazione episcopale$9(OLS)http://semarc/title/106943 996 $6260$aRoma :$bLibreria Editrice dell'Università Gregoriana$9(OLS)http://semarc/publisher/33258